000 00697nam a22002417a 4500
008 130620b xxu||||| |||| 00| 0 eng d
020 _a978-817754-041-3
024 _cAvailable
037 _cAvailable
040 _aMBSTU LIBRARY
_dMBSTU LIBRARY
082 _222
_a664.8 CRC
100 _aCruess, W.V.
245 _aCommercial fruit and vegetable products.
260 _aIndia
_bAGROBIOS.
_c2009
300 _a22 cm.
_b906 page
_f3
_g22 cm.
600 _2Fruits and vegetable products.
650 _2Fruits and vegetable products.
700 _aCruess, W.V.
270 _aIndia
_bIndia
_dIndia
365 _b2430.00
_d2430.00
942 _2ddc
_cBK
999 _c514
_d514